All Shinkansen Stations of Japan - Statistics

General Stats
  • This quiz has been taken 974 times
    337 since last reset
  • The average score is 69 of 118
Answer Stats
Prefecture Station % Correct
Tōkyō Tōkyō
96%
Kyōtō Kyōtō
91%
Ōsaka Shin-Ōsaka
90%
Aichi Nagoya
89%
Hiroshima Hiroshima
86%
Kanagawa Shin-Yokohama
85%
Fukushima Fukushima
84%
Okayama Okayama
84%
Kagoshima | Miyagi Sendai
84%
Shizuoka Shizuoka
84%
Tokyo Shinagawa
83%
Aomori Shin-Aomori
82%
Hyōgo Shin-Kōbe
81%
Akita Akita
80%
Fukuoka Hakata
80%
Niigata Niigata
80%
Yamagata Yamagata
79%
Saitama Ōmiya
78%
Tōkyō Ueno
78%
Kumamoto Kumamoto
77%
Iwate Morioka
77%
Ishikawa Kanazawa
76%
Nagano Nagano
76%
Nagasaki Nagasaki
76%
Toyama Toyama
76%
Tochigi Utsunomiya
75%
Shizuoka Hamamatsu
74%
Hyōgo Himeji
74%
Kanagawa Odawara
74%
Shizuoka Atami
72%
Hokkaido Shin-Hakodate-Hokuto
72%
Fukui Fukui
71%
Shizuoka Shin-Fuji
71%
Yamaguchi Shin-Yamaguchi
70%
Gunma Takasaki
69%
Aomori Hachinohe
68%
Kagoshima Kagoshima-Chūō
66%
Shiga Maibara
66%
Aichi Toyohashi
65%
Fukuoka Kokura
64%
Fukushima Kōriyama
62%
Iwate Ninohe
62%
Fukui Tsuruga
62%
Gifu Gifu-Hashima
61%
Shizuoka Kakegawa
61%
Shizuoka Mishima
61%
Hiroshima Higashi-Hiroshima
60%
Hokkaido Kikonai
60%
Hiroshima Fukuyama
59%
Tochigi Oyama
59%
Yamaguchi Shin-Shimonoseki
59%
Aichi Mikawa-Anjō
58%
Yamagata Shinjō
58%
Iwate Ichinoseki
56%
Nagano Karuizawa
55%
Tochigi Nasu-Shiobara
55%
Hyōgo Nishi-Akashi
55%
Aomori Okutsugaru-Imabetsu
55%
Iwate Shin-Hanamaki
55%
Hyōgo Aioi
54%
Aomori Shichinohe-Towada
54%
Saitama Kumagaya
53%
Fukuoka Kurume
53%
Niigata Nagaoka
53%
Akita Ōmagari
53%
Okayama Shin-Kurashiki
53%
Hiroshima Shin-Onomichi
53%
Saga Shin-Tosu
53%
Yamaguchi Asa
51%
Miyagi Kurikoma-Kōgen
51%
Fukushima Shin-Shirakawa
51%
Saga Takeo-Onsen
51%
Niigata Echigo-Yuzawa
50%
Niigata Itoigawa
50%
Niigata Jōetsumyōkō
50%
Miyagi Shiroishi-Zaō
50%
Saitama Honjō-Waseda
49%
Iwate Iwate-Numakunai
49%
Iwate Kitakami
49%
Hiroshima Mihara
49%
Akita Tazawako
49%
Yamaguchi Shin-Iwakuni
47%
Yamagata Tendō
47%
Nagano Ueda
47%
Akita Kakunodate
46%
Toyama Kurobe-Unazukionsen
46%
Iwate Mizusawa-Esashi
46%
Toyama Shin-Takaoka
46%
Niigata Tsubame-Sanjō
46%
Gunma Annaka-Haruna
45%
Iwate Shizukuishi
45%
Yamaguchi Tokuyama
45%
Yamagata Yonezawa
45%
Miyagi Furukawa
44%
Niigata Urasa
44%
Kumamoto Shin-Yatsushiro
43%
Ishikawa Komatsu
42%
Fukuoka Chikugo-Funagoya
41%
Nagasaki Isahaya
41%
Gunma Jōmō-Kōgen
41%
Yamagata Sakurambo-Higashine
41%
Saga Ureshino-Onsen
41%
Fukui Echizen-Takefu
40%
Nagano Iiyama
39%
Kagoshima Izumi
39%
Yamagata Kaminoyama-Onsen
39%
Nagano Sakudaira
39%
Kumamoto Shin-Minamata
39%
Fukui Awaraonsen
37%
Yamagata Ōishida
37%
Nagasaki Shin-Ōmura
37%
Fukuoka Shin-Ōmuta
36%
Yamagata Akayu
35%
Kumamoto Shin-Tamana
35%
Ishikawa Kagaonsen
34%
Yamagata Murayama
34%
Yamagata Takahata
34%
No matching quizzes found
Score Distribution
Percent of People with Each Score
Percentile by Number Answered
Your Score History
You have not taken this quiz since the last reset